000 00508nam a2200181Ia 4500
005 20250326123956.0
008 250326s9999 xx 000 0 und d
037 _aTextbook
040 _aFMSL
_beng
_cFMSL
041 _aeng
_2eng
084 _aXvM7 L3
_qFMSL
100 _aBowley M
_9105365
245 0 _aStudies in the history of economic theory before 1870
_cBowley M
260 _aLondon
_bLondon, Macmillan
_c1973
300 _a228p
942 _cTB
_hXvM7 L3
999 _c1271724
_d1271724